00372nam a2200133Ia 4500008004100000041001200041082001600053100002300069245008200092260003100174300000800205650000800213700001700221221030s9999 xx 000 0 und d aEnglish a105.23bGod aA. P. Godse ( PR ) 0aElectronic Devices & Circuits - I ( PR )cby A. P. Godse ( PR ), U. A. Bakshi bTechnical Pub.aPunec2002 a788 aECE aU. A. Bakshi